| 000 | 00907ngm a22003490a 4500 | ||
|---|---|---|---|
| 001 | PT33805 | ||
| 003 | AR-LpoUNG | ||
| 005 | 20210201232315.0 | ||
| 007 | co ||u|||uuuuu | ||
| 008 | 191001s2008||||ag |||||||||||||||||spa d | ||
| 020 |
_a9789872071578 _c$100 |
||
| 040 |
_aAR-LpoUNG _bspa _cAR-LpoUNG _eaacr |
||
| 041 | _aspa | ||
| 044 | _aag | ||
| 082 | 0 | _a300 733-2005/08 | |
| 245 | 1 | 0 | _aCatálogo de publicaciones 2005-2008 |
| 250 | _a1ra. ed. | ||
| 260 |
_aBuenos Aires : _bCEPAL, _c2008. |
||
| 300 | _ail. | ||
| 650 | 4 | _aAMERICA LATINA | |
| 650 | 4 | _aCEPAL | |
| 650 | 4 | _aCOMPETENCIA | |
| 650 | 4 | _aDESARROLLO ECONOMICO | |
| 650 | 4 | _aDESARROLLO ECONOMICO Y SOCIAL | |
| 650 | 4 | _aINDUSTRIA | |
| 650 | 4 | _aJUSTICIA SOCIAL | |
| 650 | 4 | _aMERCADO | |
| 650 | 4 | _aTRABAJO | |
| 710 | 2 | _aComisión Económica para América Latina y el Caribe (Buenos Aires) | |
| 905 | _a33805 | ||
| 942 | _cCDDVD | ||
| 999 |
_c53313 _d53313 |
||